Easy Disney Encanto Quiz - Statistics

General Stats
  • This quiz has been taken 468 times
  • The average score is 9 of 13
Answer Stats
Characters Answer % Correct
Main character Mirabel
94%
Sister Luisa
86%
Sister Isabela
80%
Aunt Pepa
75%
Uncle Bruno
72%
Mom Julieta
72%
Aunts husband Felix
69%
Boy Cousin Antonio
63%
Girl Cousin Dolores
63%
House Casita
60%
Dad Agustin
55%
Boy Cousin Camilo
53%
Grandma Alma
44%
No matching quizzes found
Score Distribution
Percent of People with Each Score
Percentile by Number Answered
Your Score History
You have not taken this quiz